| 000 | 00543nam a2200181 a 4500 | ||
|---|---|---|---|
| 001 | 1412 | ||
| 003 | CDMR | ||
| 005 | 20131217143216.0 | ||
| 008 | 130130s1969||||||||||||||||||||||||||||d | ||
| 040 |
_aCDMR _bcat _cCDMR |
||
| 100 | 1 |
_aClemente Balaguer, José Carlos _9648 |
|
| 245 | 1 | 0 |
_aHablando en Madrid _cJosé Carlos Clemente |
| 260 |
_aBarcelona _c1969 _bGrijalbo |
||
| 300 | _a193 p. | ||
| 490 | _aNorte | ||
| 500 | _aEntrevista a 27 espanyols de diferents professions residents a Madrid sobre temes polítics i socials | ||
| 942 |
_cMON _2udc |
||
| 999 |
_c1412 _d1412 |
||